[Event "ICS rated blitz match"]
[Site "204.178.125.65"]
[Date "1999.09.01"]
[Round "?"]
[White "Hossa"]
[Black "carbide"]
[Result "1-0"]
[WhiteElo "2514"]
[BlackElo "2278"]
[PlyCount "37"]
[EventDate "1999.??.??"]

1. d4 Nf6 2. c4 e6 3. Nc3 Bb4 4. Bg5 h6 5. Bh4 c5 6. e3 Qa5 7. Qd3 Ne4 8. Nge2
cxd4 9. Qxd4 Nxc3 10. bxc3 Bf8 11. Qd1 Nc6 12. a4 Be7 13. Bxe7 Nxe7 14. Qd6 Qb6
15. c5 Qxd6 16. cxd6 Nf5 17. Rd1 a5 18. e4 Nh4 19. Ng3 {carbide resigns} 1-0

[Event "ICS rated blitz match"]
[Site "204.178.125.65"]
[Date "1999.09.17"]
[Round "?"]
[White "Hossa"]
[Black "carbide"]
[Result "1-0"]
[WhiteElo "2448"]
[BlackElo "2321"]
[Annotator "Fritz 5.32 (20s)"]
[PlyCount "95"]
[EventDate "1999.??.??"]

1. e4 1... c6 {Opening = B19 - 5.Ng3 Bg6 6.h4 h6 7.Nf3} 2. d4 d5 3. Nc3 dxe4 4.
Nxe4 Bf5 5. Ng3 Bg6 6. h4 h6 7. Nf3 Nd7 8. h5 Bh7 9. Bd3 Bxd3 10. Qxd3 Ngf6 11.
Bd2 e6 12. Ne5 $146 (12. c4 Be7 (12... Qc7 13. Bc3 Bd6 14. Ne4 Nxe4 15. Qxe4
O-O-O 16. c5 Be7 17. b4 Nf6 18. Qc2 Nd5 19. a4 Bf6 20. Kf1 Qf4 21. Bd2 Qc7 22.
b5 Ne7 23. b6 axb6 24. cxb6 Qxb6 25. a5 Qa6+ 26. Kg1 Nf5 27. Rb1 Nxd4 28. Nxd4
Bxd4 29. Rh4 Rd7 30. Rxd4 Rxd4 31. Rb6 31... Qd3 {
0-1 Misiuda,J-Gereben,E/Sandomierz 1976/EXT 99 (31)}) 13. O-O-O b5 14. cxb5
cxb5 15. Qxb5 Qc8+ 16. Kb1 Rb8 17. Qd3 Qb7 18. b3 O-O 19. Ne5 Rfd8 20. Qf3 Nxe5
21. dxe5 Nd5 22. Ne4 Bb4 23. Bxb4 Qxb4 24. Kb2 Nb6 25. Ka1 Rd4 26. Nd6 Rf4 27.
Qe3 Nd5 28. Qd2 Qc5 29. Rc1 Qxf2 30. Qxf2 Rxf2 31. Rhf1 Rxg2 32. Rxf7 a6 33.
Rcf1 Ne3 34. R7f2 Rg5 35. Re1 Rxe5 36. Rfe2 Nc2+ 37. Kb1 Rxe2 38. Rxe2 Nb4 39.
Rxe6 Kh7 40. Re5 Rd8 41. Re6 Rf8 42. Ne4 a5 43. a3 Nd3 44. Kc2 Rf3 45. Nd2 Rh3
46. Ra6 Ne1+ 47. Kd1 Nf3 48. Nxf3 Rxf3 49. b4 axb4 50. axb4 Rf4 51. Ke2 Rxb4
52. Kf3 Rb5 53. Kg4 Rg5+ 54. Kh4 {
- Van Beers,E-Kremer,M/NLD-chT9495 1994/EXT 98 (54)}) (12. Qe2 c5 13. Rh4 (13.
O-O-O cxd4 14. Nxd4 Qb6 15. Rh4 Bc5 16. Nb3 O-O 17. Nxc5 Qxc5 18. Ne4 Nxe4 19.
Rxe4 Rfd8 20. Bb4 Qg5+ 21. f4 Qf6 22. Qg4 Nb6 23. Bc3 Rxd1+ 24. Kxd1 Qd8+ 25.
Kc1 Qf8 26. f5 Nd5 27. Bd4 27... exf5 {
Timmerman,G-Scheeren,P/NLD-chT9495 1994/EXT 98/1-0 (44)}) 13... Be7 14. dxc5
O-O 15. O-O-O Rc8 16. Kb1 Qc7 17. Nf5 exf5 18. Qxe7 Rfe8 19. Qd6 Qxc5 20. Qxc5
Nxc5 21. Be3 Ng4 22. Nd4 Rcd8 23. Kc1 {
- Timman,J-Dzindzichashvili,R/Tilburg 1978/MCL/[Ftacnik] (23)}) (12. Ne4) 12...
Nxe5 13. dxe5 13... Qxd3 {Weiss kann nicht kurz rochieren} 14. cxd3 {Deckt e4}
14... Nd5 15. Rc1 O-O-O 16. Ke2 Bb4 17. Ne4 Be7 18. g4 Kb8 19. f4 Rd7 20. Rc2
Rhd8 21. Rd1 Nb4 22. Bxb4 Bxb4 23. Rc4 Be7 24. d4 Rd5 25. Nc3 R5d7 26. b4 $17 (
26. Ne4 $5 $11 $142 {und Weiss spielt mit}) 26... a6 $15 (26... b5 $5 27. Rxc6
27... Kb7 $17 (27... Rxd4 $143 28. Rxd4 Rxd4 29. Nxb5 Rxf4 30. Nd6 Bxd6 31.
exd6 $14)) 27. Kf3 $17 (27. Ne4 $5 $15 {muss erwogen werden}) 27... Ka7 $11 (
27... b5 $5 $142 28. Rxc6 28... Kb7 $17 (28... Bxb4 $143 29. Ne2 $15)) 28. a3
$17 (28. f5 $11 $142 {ist noch spielbar}) 28... Rc8 $11 (28... b5 $142 29. Rxc6
29... Kb7 $17) 29. a4 Rcd8 30. a5 {Raumgewinn} 30... Kb8 31. Ke3 Bf8 32. Na4
Rd5 33. Rb1 33... Rb5 $16 (33... Be7 $11 $142 {und Schwarz kann noch kaempfen})
34. Nc3 Be7 35. Nxb5 axb5 36. Rc2 Ka7 37. Kd3 Rd5 38. Ke4 Ka6 39. Rbb2 Ka7 40.
Rc1 Ka6 41. Rb3 Bd8 42. Rc5 Rd7 43. f5 Bg5 44. fxe6 fxe6 45. Rc2 Rf7 46. Rf3
46... Rd7 $2 (46... Rxf3 47. Kxf3 47... Be7 $18) 47. Rf8 {
Mit der Mattdrohung Ra8} 47... Re7 (47... Ka7 $18) 48. Ra8# 1-0

[Event "ICS rated blitz match"]
[Site "204.178.125.65"]
[Date "1999.09.01"]
[Round "?"]
[White "Hossa"]
[Black "carbide"]
[Result "1-0"]
[WhiteElo "2538"]
[BlackElo "2270"]
[PlyCount "50"]
[EventDate "1999.??.??"]

1. d4 Nf6 2. c4 g6 3. Nc3 Bg7 4. e4 d6 5. f3 O-O 6. Kf2 Nbd7 7. Nge2 c5 8. b3
a6 9. d5 b5 10. Rb1 Ne5 11. Nf4 e6 12. cxb5 axb5 13. Bxb5 exd5 14. exd5 Bf5 15.
Rb2 Qa5 16. Nfe2 Rfb8 17. a4 Qb4 18. Rf1 Rxb5 19. axb5 Nd3+ 20. Kg1 Nxb2 21.
Bxb2 Nd7 22. g4 Bxg4 23. fxg4 Qxg4+ 24. Kh1 Ne5 25. Nf4 25... c4 {
carbide resigns} 1-0

[Event "ICS rated blitz match"]
[Site "204.178.125.65"]
[Date "1999.09.17"]
[Round "?"]
[White "Hossa"]
[Black "carbide"]
[Result "1-0"]
[WhiteElo "2443"]
[BlackElo "2326"]
[Annotator "Fritz 5.32 (20s)"]
[PlyCount "39"]
[EventDate "1999.??.??"]

1. e4 1... e6 {Opening = C06 - 4.e5 Nfd7 5.Bd3 c5 6.c3 Nc6 7.Ne2 cd4 8.cd4} 2.
d4 d5 3. Nd2 Nf6 4. e5 Nfd7 5. Bd3 c5 6. c3 Nc6 7. Ne2 cxd4 8. cxd4 f6 9. Nf4
Nxd4 10. Qh5+ Ke7 11. exf6+ Nxf6 12. Ng6+ hxg6 13. Qxh8 e5 14. Bxg6 e4 15. O-O
Ne2+ 16. Kh1 Nf4 17. Bh7 17... Kf7 $4 $18 (17... Nd3 $14 $142 {
war noch moeglich} 18. Bg6 (18. b3 Qd6 19. a4 Nxc1 20. Raxc1 Qf4 21. f3 e3 22.
Rfe1 Kf7 23. Nf1 d4 24. Bg6+ Kxg6 25. Qxf8 Bg4 26. Qxa8 Bxf3 27. Qc8 Bd5 28.
Nxe3 dxe3 29. Qh3 Ng4 30. Qg3 Qxg3 31. hxg3 Bxb3 32. Rb1 Bd5 33. a5 a6 34. Kg1
Kf5 35. Rb4 Be4 36. Rf1+ Nf2 37. Rb3 {1-0 Janjgava,L-Dreev,A/Lvov 1987/TD (37)}
) (18. Nb3 Ne5 19. Be3 b6 20. Bxe4 dxe4 21. Qh4 Ba6 22. Rfd1 Bd3 23. Bd4 Qd5
24. f3 Kf7 25. fxe4 Bxe4 26. Qg3 Bd6 27. Bc5 bxc5 28. Rxd5 Bxd5 29. Nxc5 Nc4
30. Qf2 Rh8 31. Kg1 Rxh2 32. Nd3 Kg6 33. b3 Ng4 34. Qe2 Nce3 35. Ne1 Bg3 36.
Rc1 Bxe1 37. Qd3+ Kg5 38. Rxe1 Rxg2+ 39. Kh1 39... Nf2# {
0-1 Jackson,S-Kinsman,A/BCF-ch 1989/CBM 15 (39)}) 18... Nf4 19. Bh7 {
- Naudier,S-Ruf,M/Cannes 1990/EXT 97 (19)}) 18. Nxe4 $1 {
nicht am Material kleben ist die Devise} 18... dxe4 19. Bxf4 Bg4 (19... Be6 20.
Rfd1 Qa5 21. Bd6 $18) 20. Bxe4 $1 {die Entscheidung. . . . . .} (20. Bxe4 Nxe4
21. f3 Bxf3 22. Rxf3 $18) 1-0

[Event "ICS rated blitz match"]
[Site "204.178.125.65"]
[Date "1999.09.10"]
[Round "?"]
[White "Hossa"]
[Black "carbide"]
[Result "1/2-1/2"]
[WhiteElo "2486"]
[BlackElo "2284"]
[PlyCount "177"]
[EventDate "1999.??.??"]

1. d4 Nf6 2. e3 g6 3. Nf3 Bg7 4. Be2 O-O 5. O-O d6 6. c4 Nbd7 7. Nc3 c6 8. e4
e5 9. Bg5 h6 10. Bh4 g5 11. dxe5 Nh5 12. Nd4 Nf4 13. Bg3 dxe5 14. Nf5 Nf6 15.
Nxg7 Kxg7 16. Qc2 Qe7 17. Rad1 N6h5 18. Bxf4 Nxf4 19. Bf3 Be6 20. Ne2 Nxe2+ 21.
Qxe2 Rfd8 22. b3 Rxd1 23. Rxd1 Rd8 24. Qe3 Rxd1+ 25. Bxd1 b6 26. Qg3 f6 27. Qd3
Qd7 28. Qxd7+ Bxd7 29. h3 Kf7 30. Bg4 Ke7 31. Bxd7 Kxd7 32. g4 Kd6 33. b4 a5
34. a3 c5 35. b5 Ke6 36. h4 Kf7 37. h5 Kg7 38. a4 Kh7 39. f3 Kh8 40. Kf2 Kg8
41. Ke3 Kf8 42. Kd2 Ke8 43. Kd3 Kd8 44. Ke3 Kc8 45. Kd2 Kb8 46. Kc2 Ka8 47. Kd3
Ka7 48. Ke3 Kb7 49. Kf2 Kc7 50. Ke1 Kd6 51. Kd1 Kd7 52. Kc1 Ke6 53. Kd2 Ke7 54.
Kc2 Kf7 55. Kd3 Kg7 56. Ke3 Kh7 57. Kd2 Kh8 58. Kc2 Kg8 59. Kb3 Kf8 60. Kc3 Ke8
61. Kb2 Kd8 62. Kb3 Kc8 63. Kc3 Kb8 64. Kb2 Ka8 65. Kc2 Ka7 66. Kd1 Kb7 67. Ke1
Kc7 68. Ke2 Kd7 69. Kf1 Kd6 70. Kg2 Ke6 71. Kf2 Ke7 72. Kg1 Kf7 73. Kf1 Kg7 74.
Ke1 Kh7 75. Ke2 Kh8 76. Kd1 Kg8 77. Kc1 Kf8 78. Kb2 Ke8 79. Ka3 Kd8 80. Kb3 Kc8
81. Kc3 Kb8 82. Kd2 Ka8 83. Ke1 Ka7 84. Ke2 Kb7 85. Kd1 Kc7 86. Ke2 Kd6 87. Kf1
Kd7 88. Kg1 Ke6 89. Kg2 {Game drawn by the 50 move rule} 1/2-1/2

[Event "ICS rated blitz match"]
[Site "204.178.125.65"]
[Date "1999.09.22"]
[Round "?"]
[White "Hossa"]
[Black "cautios"]
[Result "0-1"]
[WhiteElo "2005"]
[BlackElo "1715"]
[PlyCount "158"]
[EventDate "1999.??.??"]

1. d4 d5 2. c4 e6 3. Nf3 Bb4+ 4. Bd2 Bxd2+ 5. Nbxd2 Nf6 6. e3 O-O 7. cxd5 exd5
8. Bd3 Bg4 9. O-O c6 10. a3 Re8 11. Qb3 Qc8 12. Ne5 Be6 13. Ndf3 h6 14. Rac1
Nbd7 15. Kh1 Nxe5 16. Nxe5 Ng4 17. Nxg4 Bxg4 18. Qc2 a6 19. f3 Be6 20. b4 f5
21. e4 fxe4 22. fxe4 dxe4 23. Bxe4 Qd7 24. Qd3 Bd5 25. Bf5 Be6 26. d5 Bxf5 27.
Rxf5 cxd5 28. h4 Rac8 29. Rxc8 Rxc8 30. Rf4 Rc1+ 31. Kh2 Qd6 32. Qf5 Rc4 33. g3
Rxf4 34. gxf4 d4 35. Qc8+ Kh7 36. Qxb7 Qxf4+ 37. Kg2 Qd2+ 38. Kf1 Qf4+ 39. Kg2
Qxh4 40. Qxa6 Qe4+ 41. Kg3 d3 42. Qd6 Qe3+ 43. Kg2 Qe2+ 44. Kg3 d2 45. Qd5 d1=Q
46. Qf5+ Kg8 47. Qc8+ Kf7 48. Qc7+ Qe7 49. Qf4+ Ke8 50. Qb8+ Qdd8 51. Qb5+ Qdd7
52. Qb8+ Kf7 53. Qf4+ Qf6 54. Qc4+ Qfe6 55. Qf1+ Kg8 56. b5 Qdd6+ 57. Qf4 Qxf4+
58. Kxf4 Qc4+ 59. Kf3 Qxb5 60. Ke4 Qb3 61. a4 Qxa4+ 62. Kd5 Qg4 63. Kc6 h5 64.
Kd5 h4 65. Kd6 h3 66. Kd5 h2 67. Ke5 h1=Q 68. Kd6 Qhe4 69. Kc7 Qc4+ 70. Kb6
Qgd4+ 71. Kb7 Qdd5+ 72. Kb8 Qcb5+ 73. Kc7 Qbd7+ 74. Kb6 Q5c6+ 75. Ka5 Qdd5+ 76.
Kb4 Qcc4+ 77. Ka3 Qdd3+ 78. Kb2 Qcc2+ 79. Ka1 79... Qdd1# {Hossa checkmated}
0-1

[Event "ICS rated blitz match"]
[Site "204.178.125.65"]
[Date "1999.09.12"]
[Round "?"]
[White "Hossa"]
[Black "chiquitins"]
[Result "1-0"]
[WhiteElo "2544"]
[BlackElo "2239"]
[PlyCount "63"]
[EventDate "1999.??.??"]

1. e4 c5 2. d4 cxd4 3. Nf3 Nc6 4. Nxd4 Nf6 5. Nxc6 bxc6 6. Bd3 e5 7. O-O Bc5 8.
Nc3 O-O 9. Na4 Be7 10. Re1 Qc7 11. c4 d6 12. b3 Be6 13. Bg5 h6 14. Bh4 Ne8 15.
Bxe7 Qxe7 16. c5 d5 17. exd5 Bxd5 18. Qh5 e4 19. Qf5 Nf6 20. Qf4 Qd7 21. Bc2
Rfe8 22. Rad1 Rad8 23. Nc3 Qe6 24. f3 e3 25. Rd3 Qe7 26. b4 e2 27. Rxe2 Qxe2
28. Nxe2 Rxe2 29. Rd2 Rde8 30. Rxe2 Rxe2 31. Qb8+ Ne8 32. Be4 {
chiquitins resigns} 1-0

[Event "ICS rated blitz match"]
[Site "204.178.125.65"]
[Date "1999.09.09"]
[Round "?"]
[White "Hossa"]
[Black "cipolletti"]
[Result "1/2-1/2"]
[WhiteElo "2462"]
[BlackElo "2209"]
[PlyCount "161"]
[EventDate "1999.??.??"]

1. c4 Nf6 2. g3 e6 3. Bg2 c5 4. Nf3 Nc6 5. O-O Be7 6. d3 O-O 7. e4 d5 8. Nfd2
d4 9. f4 e5 10. Nf3 Qc7 11. b4 cxb4 12. fxe5 Nxe5 13. Nxe5 Qxe5 14. Nd2 Bg4 15.
Nf3 Qh5 16. Rb1 Bc5 17. Bf4 Nd7 18. a3 a5 19. h4 f6 20. axb4 Bxb4 21. Qc2 Bxf3
22. Bxf3 Qe8 23. Qb2 Ne5 24. Be2 Qd7 25. Kg2 Rfb8 26. Rbc1 Bc3 27. Qb6 Qc6 28.
Rb1 Qxb6 29. Rxb6 a4 30. g4 a3 31. g5 Re8 32. gxf6 gxf6 33. Rxf6 a2 34. Rb6
a1=Q 35. Rxa1 Rxa1 36. Bxe5 Rxe5 37. Rxb7 Ra2 38. Kf3 Re8 39. Rb5 Rf8+ 40. Rf5
Rxf5+ 41. exf5 Kf7 42. h5 Kf6 43. Kf2 Kxf5 44. Kf1 Kf4 45. Kf2 Bd2 46. c5 Be3+
47. Ke1 Ra1+ 48. Bd1 Bf2+ 49. Kd2 Bh4 50. Bb3 Bd8 51. Bf7 h6 52. c6 Ba5+ 53.
Kc2 Ke5 54. Bg6 Kd6 55. Be4 Bc3 56. Bf3 Rg1 57. Be4 Rg8 58. Kb3 Rc8 59. Bf3
Rxc6 60. Bxc6 Kxc6 61. Kc2 Kd6 62. Kd1 Ke5 63. Ke2 Kf5 64. Kf3 Kg5 65. Kg3 Kxh5
66. Kf4 Kg6 67. Kg4 Kf6 68. Kh4 Ke5 69. Kh5 Kf4 70. Kg6 Ke3 71. Kf6 Kxd3 72.
Ke7 Ke2 73. Ke6 d3 74. Kd6 d2 75. Kc6 d1=Q 76. Kc7 Qd4 77. Kc6 Qe5 78. Kd7 Bd4
79. Kc6 Qc5+ 80. Kd7 Be5 81. Ke6 {
cipolletti ran out of time and Hossa has no material to mate} 1/2-1/2

[Event "ICS rated blitz match"]
[Site "204.178.125.65"]
[Date "1999.09.19"]
[Round "?"]
[White "Hossa"]
[Black "counterpart"]
[Result "1-0"]
[WhiteElo "2566"]
[BlackElo "2282"]
[PlyCount "61"]
[EventDate "1999.??.??"]

1. d4 Nf6 2. c4 g6 3. Nc3 Bg7 4. e4 d6 5. Nf3 O-O 6. Be2 e5 7. O-O Nc6 8. d5
Ne7 9. Bd2 Ne8 10. b4 f5 11. Qb3 Nf6 12. exf5 gxf5 13. Rac1 Ng6 14. Ng5 Kh8 15.
Bd3 Qe7 16. Rfe1 h6 17. Nf3 Ng4 18. a4 Nh4 19. Be2 Nxf3+ 20. Bxf3 Qh4 21. Bxg4
Qxg4 22. Nb5 f4 23. f3 Qh5 24. Nxc7 Bf6 25. Nxa8 Bh4 26. Re2 Bg3 27. hxg3 fxg3
28. Be3 Qh2+ 29. Kf1 Qh1+ 30. Bg1 Bh3 31. Nc7 {counterpart resigns} 1-0

[Event "ICS rated blitz match"]
[Site "204.178.125.65"]
[Date "1999.09.02"]
[Round "?"]
[White "Hossa"]
[Black "cstaly"]
[Result "0-1"]
[WhiteElo "2528"]
[BlackElo "2335"]
[PlyCount "158"]
[EventDate "1999.??.??"]

1. e4 c5 2. Nf3 d6 3. d4 cxd4 4. Nxd4 Nf6 5. Nc3 g6 6. Bd3 Bg7 7. O-O O-O 8.
Bg5 Nc6 9. Nxc6 bxc6 10. Qd2 Be6 11. Bh6 Bxh6 12. Qxh6 Ng4 13. Qg5 Rb8 14. Be2
f6 15. Qf4 Ne5 16. Rfb1 Qb6 17. Qh6 Qd4 18. Rd1 Qb4 19. Rab1 Nf7 20. Qe3 Qb6
21. Qf4 Ne5 22. a4 a5 23. Rd2 Bc4 24. Qh6 Bxe2 25. Rxe2 Qd4 26. Qh3 Rf7 27. Kh1
h5 28. Rd1 Qc5 29. b3 Ng4 30. Qg3 Qe5 31. f4 Qc5 32. h3 Rh7 33. Qf3 Nh6 34.
Red2 Kh8 35. Ne2 h4 36. Nd4 Rb4 37. Ne6 Qb6 38. Qe2 Kg8 39. Qd3 Nf7 40. Nd4 Qb7
41. c3 Rb6 42. Qc4 c5 43. Nb5 Kf8 44. Rf1 Rh5 45. e5 dxe5 46. fxe5 Rxe5 47.
Qxh4 Rd5 48. Re2 Rh5 49. Qg3 Rg5 50. Qe3 Re5 51. Qf2 Rbe6 52. Rd2 Re3 53. Kg1
Kg7 54. Rc1 Kh7 55. Rb1 Qe4 56. Rf1 Nd6 57. Nc7 Re5 58. Nd5 Rd3 59. Rxd3 Qxd3
60. Nxe7 Rxe7 61. Qxc5 Rb7 62. Qxa5 Ne4 63. Rf3 Qd1+ 64. Kh2 Qxb3 65. Qa8 Qb6
66. Rf1 Qc7+ 67. Kg1 Nxc3 68. Qe8 Qc5+ 69. Kh1 Re7 70. Qf8 Ne4 71. Rf3 Qc1+ 72.
Kh2 Qc7+ 73. Kg1 Nd2 74. Rd3 Re2 75. h4 Ne4 76. Rd1 Rxg2+ 77. Kf1 Rf2+ 78. Ke1
Qc3+ 79. Rd2 79... Qxd2# {Hossa checkmated} 0-1

[Event "ICS rated blitz match"]
[Site "204.178.125.65"]
[Date "1999.09.02"]
[Round "?"]
[White "Hossa"]
[Black "cstaly"]
[Result "1-0"]
[WhiteElo "2482"]
[BlackElo "2381"]
[PlyCount "78"]
[EventDate "1999.??.??"]

1. d4 Nf6 2. c4 e6 3. Nc3 Bb4 4. Bg5 h6 5. Bh4 c5 6. e3 d5 7. cxd5 exd5 8. Bb5+
Bd7 9. Bxf6 Qxf6 10. Bxd7+ Nxd7 11. Nge2 cxd4 12. exd4 Kd8 13. O-O Nb6 14. a4
Re8 15. a5 Nc4 16. Nxd5 Qd6 17. Nxb4 Qxb4 18. Re1 Nxb2 19. Qb1 Rc8 20. Qf5 Rc7
21. Rab1 g6 22. Qd5+ Kc8 23. a6 f5 24. axb7+ Kb8 25. Kf1 Rce7 26. Qc6 g5 27.
Qxh6 Kxb7 28. Qxg5 Rxe2 29. Rxe2 Rxe2 30. Qg7+ Ka6 31. Qg6+ Kb7 32. Qf7+ Ka6
33. Qa2+ Qa4 34. Ra1 Qxa2 35. Rxa2+ Kb5 36. Kxe2 Na4 37. Ra3 Kb4 38. Rf3 Nc3+
39. Rxc3 39... a5 {cstaly resigns} 1-0

[Event "ICS rated blitz match"]
[Site "204.178.125.65"]
[Date "1999.09.26"]
[Round "?"]
[White "Hossa"]
[Black "damo"]
[Result "1-0"]
[WhiteElo "2467"]
[BlackElo "2124"]
[PlyCount "77"]
[EventDate "1999.??.??"]

1. d4 f5 2. e4 fxe4 3. Nc3 Nf6 4. f3 d5 5. fxe4 dxe4 6. Bg5 Nc6 7. Bb5 a6 8.
Bxc6+ bxc6 9. Bxf6 exf6 10. Nxe4 Qd5 11. Qe2 Be7 12. Nf3 O-O 13. O-O Bf5 14.
Ng3 Rfe8 15. Nxf5 Qxf5 16. Rae1 Qd7 17. Qe6+ Qxe6 18. Rxe6 Bd6 19. Rfe1 Kf7 20.
Rxe8 Rxe8 21. Rxe8 Kxe8 22. c4 c5 23. d5 Kd7 24. Kf2 c6 25. Ke3 cxd5 26. cxd5
g5 27. g4 Bf4+ 28. Ke4 Kd6 29. b3 a5 30. h4 h6 31. h5 Bc1 32. Nh2 Bb2 33. Nf1
Bc1 34. Ng3 Bb2 35. Nf5+ Kd7 36. Nxh6 Ke8 37. Nf5 Be5 38. h6 Kf8 39. h7 {
damo resigns} 1-0

[Event "ICS rated blitz match"]
[Site "204.178.125.65"]
[Date "1999.10.17"]
[Round "?"]
[White "Hossa"]
[Black "damokles"]
[Result "1-0"]
[WhiteElo "2523"]
[BlackElo "2332"]
[PlyCount "91"]
[EventDate "1999.??.??"]

1. d4 e6 2. c4 f5 3. Nc3 d5 4. Nf3 c6 5. Bf4 Bd6 6. Bxd6 Qxd6 7. e3 Nf6 8. Bd3
O-O 9. O-O Bd7 10. Ne5 Ne4 11. Qe2 Be8 12. f3 Nxc3 13. bxc3 Nd7 14. f4 Nxe5 15.
fxe5 Qe7 16. cxd5 cxd5 17. c4 Bc6 18. Rf2 Qg5 19. Rc1 Rac8 20. Rcf1 h5 21. a3
h4 22. c5 Rf7 23. Rf3 Rcf8 24. Qd2 g6 25. Qc2 Rh7 26. Rh3 Qe7 27. Qd2 g5 28.
Rhf3 Rff7 29. Qa5 a6 30. Qb6 Qc7 31. Qb1 Rhg7 32. Qb2 g4 33. Rf4 h3 34. Rb1
hxg2 35. Kxg2 Rh7 36. Qf2 Rh3 37. Rf1 Rfh7 38. Rxg4+ Kh8 39. Rh1 Qe7 40. Rf4
Be8 41. Kf1 Qg5 42. Rf3 R3h4 43. h3 Bh5 44. Rg1 Qh6 45. Qxh4 Bxf3 46. Qd8+ {
damokles resigns} 1-0

[Event "ICS rated blitz match"]
[Site "204.178.125.65"]
[Date "1999.09.03"]
[Round "?"]
[White "Hossa"]
[Black "darthweber"]
[Result "1-0"]
[WhiteElo "2515"]
[BlackElo "2198"]
[PlyCount "99"]
[EventDate "1999.??.??"]

1. e4 c5 2. Nf3 d6 3. d4 cxd4 4. Qxd4 Nc6 5. Qd1 Nf6 6. Nc3 e6 7. Bc4 Be7 8.
Bg5 O-O 9. O-O a6 10. Re1 Re8 11. Qd3 Qa5 12. Rad1 b5 13. Bb3 b4 14. Bxf6 gxf6
15. Ba4 Bd7 16. Nd4 Rac8 17. Qg3+ Qg5 18. Nce2 Qxg3 19. hxg3 Red8 20. Nb3 Ne5
21. Bxd7 Rxd7 22. Ned4 Rdc7 23. f4 Ng4 24. Rd2 Kf8 25. Ree2 Bd8 26. Kh1 Ke7 27.
Rd3 Rb7 28. Nf3 a5 29. Nh2 h5 30. Nf3 a4 31. Nbd4 Bb6 32. Red2 Rbc7 33. a3 Rc4
34. axb4 Rxb4 35. c3 Rbc4 36. Ne1 Bxd4 37. Rxd4 Rxd4 38. cxd4 Rc1 39. Re2 Rd1
40. d5 exd5 41. exd5+ Kd7 42. Kg1 Rxd5 43. Re4 Rb5 44. Nd3 Rb3 45. Rd4 Kc6 46.
Kf1 a3 47. bxa3 Rxa3 48. Ke2 Ra2+ 49. Kf3 Ra4 50. Rxa4 {darthweber resigns} 1-0

[Event "ICS rated blitz match"]
[Site "204.178.125.65"]
[Date "1999.09.03"]
[Round "?"]
[White "Hossa"]
[Black "darthweber"]
[Result "1-0"]
[WhiteElo "2531"]
[BlackElo "2182"]
[PlyCount "66"]
[EventDate "1999.??.??"]

1. e4 g6 2. d4 Bg7 3. Bc4 c6 4. Nc3 d6 5. Bg5 h6 6. Bh4 Qa5 7. Nge2 Nf6 8. O-O
O-O 9. Bb3 Nbd7 10. f3 e5 11. Be1 Qb6 12. Bf2 Qc7 13. Qd3 exd4 14. Bxd4 Nc5 15.
Bxc5 dxc5 16. Rad1 b5 17. Qd6 Qxd6 18. Rxd6 c4 19. Bxc4 bxc4 20. Rxc6 Be6 21.
Nf4 Rfc8 22. Ra6 Rcb8 23. Nxe6 fxe6 24. Na4 Kf7 25. Rd1 Bf8 26. c3 Be7 27. Rd4
Rc8 28. b3 e5 29. Rxc4 Rxc4 30. bxc4 Rc8 31. Rxa7 Rxc4 32. Kf2 Ke6 33. Ra6+
33... Kd7 {darthweber resigns} 1-0

[Event "ICS rated blitz match"]
[Site "204.178.125.65"]
[Date "1999.09.03"]
[Round "?"]
[White "Hossa"]
[Black "darthweber"]
[Result "1-0"]
[WhiteElo "2539"]
[BlackElo "2174"]
[PlyCount "56"]
[EventDate "1999.??.??"]

1. e4 g6 2. d4 Bg7 3. Bc4 d6 4. Ne2 Nf6 5. Nbc3 O-O 6. O-O e5 7. Bg5 Nbd7 8. f3
h6 9. Be3 c6 10. Qd2 Kh7 11. Rad1 Qe7 12. dxe5 dxe5 13. Qd6 Re8 14. Qxe7 Rxe7
15. Rd6 Ne8 16. Rd2 Nc7 17. Rfd1 Nb6 18. Bb3 Be6 19. Bc5 Ree8 20. Bxe6 Nxe6 21.
Bxb6 axb6 22. Rd7 Nd8 23. Nc1 Bf8 24. Nd3 Kg7 25. Nxe5 Rxe5 26. Rxd8 Rxd8 27.
Rxd8 Bb4 28. Ne2 28... Re7 {darthweber resigns} 1-0

[Event "ICS rated blitz match"]
[Site "204.178.125.65"]
[Date "1999.08.30"]
[Round "?"]
[White "Hossa"]
[Black "dixon"]
[Result "0-1"]
[WhiteElo "2481"]
[BlackElo "2479"]
[PlyCount "131"]
[EventDate "1999.??.??"]

1. e4 c5 2. Nc3 Nc6 3. Nf3 e6 4. Bb5 Nge7 5. e5 a6 6. Ne4 Nf5 7. Bxc6 dxc6 8.
d3 Nd4 9. Nfg5 h6 10. Nh3 Be7 11. c3 Nf5 12. O-O O-O 13. a4 a5 14. b3 b6 15.
Ng3 Ba6 16. Nxf5 exf5 17. c4 Qd4 18. Be3 Qxe5 19. Re1 Qf6 20. d4 Rad8 21. d5
cxd5 22. cxd5 Bb7 23. Nf4 Bd6 24. Nh5 Qg6 25. Bf4 Bxd5 26. Qxd5 Bxf4 27. Nxf4
Rxd5 28. Nxg6 fxg6 29. Re6 Rf6 30. Re7 Rd3 31. Rb1 Rfd6 32. f3 Rd1+ 33. Rxd1
Rxd1+ 34. Kf2 Rd3 35. Re3 Rxe3 36. Kxe3 Kf7 37. Kd3 Ke6 38. Kc4 Kd6 39. Kb5 Kc7
40. Kc4 Kc6 41. g4 fxg4 42. fxg4 g5 43. Kd3 b5 44. axb5+ Kxb5 45. Kc3 g6 46. h3
c4 47. bxc4+ Kc5 48. Kb3 Kd4 49. Ka4 Kxc4 50. Ka3 Kd4 51. Kb3 Ke4 52. Kc3 Kf3
53. Kd4 Kg3 54. Kc3 Kxh3 55. Kd4 Kxg4 56. Kc3 h5 57. Kc4 h4 58. Kb5 h3 59. Ka4
h2 60. Kb3 h1=Q 61. Kc4 Kf4 62. Kc5 Ke5 63. Kc4 Qd5+ 64. Kc3 Ke4 65. Kc2 Qd3+
66. Kb2 {Hossa resigns} 0-1

[Event "ICS rated blitz match"]
[Site "204.178.125.65"]
[Date "1999.10.03"]
[Round "?"]
[White "Hossa"]
[Black "dk2"]
[Result "0-1"]
[WhiteElo "2435"]
[BlackElo "2376"]
[PlyCount "136"]
[EventDate "1999.??.??"]

1. e4 c6 2. d4 d5 3. Nc3 dxe4 4. Nxe4 Bf5 5. Ng3 Bg6 6. h4 h6 7. Nf3 Nd7 8. h5
Bh7 9. Bd3 Bxd3 10. Qxd3 e6 11. Bd2 Ngf6 12. O-O-O Bd6 13. Bc3 Bxg3 14. fxg3
Qc7 15. Ne5 Nxe5 16. dxe5 Nd5 17. Bd4 Rc8 18. Rhf1 c5 19. Bc3 O-O 20. Rf2 Rcd8
21. Re1 Nxc3 22. Qxc3 Rd4 23. Qe3 Rfd8 24. Qf3 Rc4 25. c3 Ra4 26. Kb1 Ra5 27.
c4 Ra6 28. Ref1 Rd7 29. Qe3 Qa5 30. a3 Rb6 31. g4 Qa4 32. Qxc5 Rc6 33. Qe3 Rxc4
34. g5 hxg5 35. Qxg5 Rc5 36. h6 Qe4+ 37. Ka2 Qxe5 38. Qxe5 Rxe5 39. h7+ Kxh7
40. Rxf7 Red5 41. Rh1+ Kg6 42. Rf4 Rf5 43. g3 Rxf4 44. gxf4 Kf5 45. Rg1 Kxf4
46. Rh1 g5 47. Rc1 e5 48. Rf1+ Kg4 49. Rg1+ Kf5 50. Rf1+ Ke6 51. Rf8 e4 52.
Re8+ Kf5 53. Rh8 e3 54. Re8 Kf4 55. Kb3 g4 56. Rf8+ Ke4 57. Rg8 e2 58. Rxg4+
Kf5 59. Rg1 Rd1 60. Rg7 e1=Q 61. Rf7+ Kg6 62. Rc7 Qe6+ 63. Kc2 Qe2+ 64. Kc3
Rd3+ 65. Kb4 Qxb2+ 66. Kc5 Qb6+ 67. Kc4 Qb3+ 68. Kc5 68... Rd5# {
Hossa checkmated} 0-1

[Event "ICS rated blitz match"]
[Site "204.178.125.65"]
[Date "1999.10.02"]
[Round "?"]
[White "Hossa"]
[Black "dk2"]
[Result "0-1"]
[WhiteElo "2437"]
[BlackElo "2330"]
[PlyCount "75"]
[EventDate "1999.??.??"]

1. e4 Nc6 2. d4 d5 3. exd5 Qxd5 4. Nf3 Bg4 5. Be2 e5 6. Nc3 Bb4 7. O-O Bxc3 8.
bxc3 exd4 9. cxd4 O-O-O 10. Be3 Nf6 11. c4 Qa5 12. Re1 Rhe8 13. d5 Bxf3 14.
Bxf3 Ne5 15. Be2 Rd6 16. Qb3 Ne4 17. Rab1 b6 18. Rbc1 Rg6 19. Bh5 Rf6 20. Qc2
Nd6 21. Qxh7 g6 22. Be2 Qxa2 23. Ra1 Qb3 24. Rxa7 Nexc4 25. Bg4+ Kb8 26. Rea1
Na5 27. Ra6 Qxd5 28. Qg7 Qe5 29. Rb1 Ndc4 30. Bd7 Nxe3 31. Bh3 Nf5 32. g3 Nxg7
33. Bg2 Nc6 34. Rba1 Kc8 35. Ra8+ Kd7 36. Rd1+ Rd6 37. Bh3+ f5 38. Raa1 {
Hossa resigns} 0-1